000 01081 a2200241 4500
003 OSt
005 20170105105413.0
008 120601t xxu||||| |||| 00| 0 eng d
010 _a 2007376416
020 _a9780195473537
040 _c0
082 0 4 _a720.954916
245 0 0 _aSights in the sands of Cholistan :
_bBahawalpur's history and architecture /
_cedited by Shujaat Zamir Dar.
260 _aKarachi :
_bOxford University Press,
_c2007.
300 _axiii, 134 p. :
_bill. (chiefly col.), maps (some col.) ;
_c29 cm.
505 0 _aBahawalpur : its land and people -- The beginning and end of a princedom -- Bahawalpur's forts and fortress-palaces -- Uch : land of the saints -- The Abbasid palaces.
650 1 0 _aHistoric buildings
_zPakistan
_zBahawalpur Division
_xHistory.
_93226
650 1 0 _aArchitecture
_zPakistan
_zBahawalpur Division
_xHistory.
_93227
651 0 _aBahawalpur District (Pakistan)
_xHistory.
_93228
700 1 _aDar, Shujaat Zamir.
_93229
942 _aSADA
_cBK
_k720.954916 SIG 2007
_2ddc
999 _c25712
_d25712